Escritores jóvenes en Barcelona
Descripción Física:
Il·lustracions
Colección:
San Jorge,
; núm. 18 (abril 1955), pàg. 109-118
Materias:
Pedrolo, Manuel de, -- 1918-1990
; Sarsanedas, Jordi, -- 1924-2006
; Capmany, Maria Aurèlia, -- 1918-1991
; Salvador, Tomás, -- 1921-1984
; Folch i Camarasa, Ramon, -- 1926-2019
; Goytisolo, Juan, -- 1931-2017
; Espinàs, Josep M., -- 1927-2023
; Perucho, Joan, -- 1920-2003
; Cantieri, Giovanni
; Manegat, Julio, -- 1922-2011
; Escriptors catalans -- S. XX
Idioma:
Español
MARC
| LEADER | 00000naa a2200000 a 4500 | ||
|---|---|---|---|
| 003 | Arxiu | ||
| 005 | 20260324181034.0 | ||
| 008 | 160829s1955 spcaxx s spa c | ||
| 040 | |a AGDB | ||
| 245 | 0 | 0 | |a Escritores jóvenes en Barcelona |
| 300 | |b Il·lustracions | ||
| 490 | |a San Jorge, |v núm. 18 (abril 1955), pàg. 109-118 | ||
| 600 | 0 | |a Pedrolo, Manuel de, |d 1918-1990 |9 35713 | |
| 600 | 0 | |a Sarsanedas, Jordi, |d 1924-2006 |9 24454 | |
| 600 | 0 | |a Capmany, Maria Aurèlia, |d 1918-1991 |9 26537 | |
| 600 | 1 | 0 | |a Salvador, Tomás, |d 1921-1984 |9 41670 |
| 600 | 1 | 0 | |a Folch i Camarasa, Ramon, |d 1926-2019 |9 55420 |
| 600 | 1 | 0 | |a Goytisolo, Juan, |d 1931-2017 |9 55421 |
| 600 | 1 | 0 | |a Espinàs, Josep M., |d 1927-2023 |9 28496 |
| 600 | 1 | 0 | |a Perucho, Joan, |d 1920-2003 |9 27942 |
| 600 | 1 | 0 | |a Cantieri, Giovanni |9 35376 |
| 600 | 1 | 0 | |a Manegat, Julio, |9 22412 |d 1922-2011 |
| 650 | 0 | |a Escriptors catalans |9 19777 |2 Arxiu |x S. XX | |
| 773 | |g Núm. 18 (abril 1955), pàg. 109-118 |t San Jorge. | ||
| 901 | |a Arxiu | ||
| 942 | |n 1 |2 udc |c ART | ||
| 952 | |0 0 |1 0 |4 0 |6 REV510 |7 1 |9 65163 |a Arxiu |b Arxiu |d 2023-01-31 |l 0 |o Rev-510 |r 2023-01-31 00:00:00 |w 2023-01-31 |y ARXIU |z També disponible a Rev-524 | ||
| 999 | |c 48117 |d 48117 | ||